[Event "Dvorkovich Memorial Rapid 2018"]
[Site "Taganrog"]
[Date "2018.01.13"]
[Round "4.7"]
[White "Esipenko, Andrey"]
[Black "Balashov, Yuri S"]
[Result "1/2-1/2"]
[WhiteElo "2571"]
[BlackElo "2434"]
[Annotator "TA"]
[PlyCount "86"]
[EventDate "2018.??.??"]
[EventType "swiss"]
[EventCountry "RUS"]
[SourceTitle "playchess.com"]
[Source "ChessBase"]
[SourceQuality "1"]

{[%evp 13,86,16,23,10,10,10,14,10,42,10,8,4,6,0,6,0,17,0,4,0,15,13,26,17,35,26,51,51,58,51,51,54,52,45,83,60,83,80,83,66,44,12,60,52,50,50,48,47,43,33,43,-81,0,0,0,0,0,0,0,0,261,0,0,0,124,0,0,-3,25,0,0,-7,43,0,0]} 1. d4 Nf6 2. Bf4 g6 3. Nc3 Bg7 4. e4 d6 5. Be2 O-O 6. Nf3 Nc6 {B08: Pirc-Ufimzew-Verteidigung} (6... c6 7. O-O Nbd7 8. Qd2 e5 9. dxe5 dxe5 10. Nxe5 Nxe4 11. Nxe4 Nxe5 12. Qxd8 Rxd8 13. Bg5 Bf5 14. Bxd8 Rxd8 15. Bf3 Nxf3+ 16. gxf3 Bxe4 17. fxe4 Rd2 18. c3 Rxb2 19. Rfb1 Rd2 20. Rd1 {½-½ (20) Hakobyan,A (2465)-Petrosian,T (2601) Tsaghkadzor 2017}) 7. O-O Bg4 {LiveBook: 3 Partien} 8. d5 Bxf3 9. Bxf3 Ne5 10. Be2 c6 11. Bxe5 $146 (11. Be3 {is more complex.} cxd5 12. exd5 Qc8 13. Bd4 Nc4 14. Qd3) ({Vorgänger:} 11. Be3 Qc7 12. f4 Ned7 13. Qd2 cxd5 14. exd5 Nc5 {1-0 (41) Lo,A (1823)-Precerutti,J (1786) Chessfriend.com 2004}) 11... dxe5 12. dxc6 bxc6 13. Bd3 Qd4 14. Qe2 Rab8 15. Rab1 Rfd8 16. Rfd1 Ne8 17. g3 Qc5 18. Kg2 Bh6 19. h4 Rd4 20. Qe1 Rbd8 21. Ne2 {[%cal Bc3e2,Be2g1,Bg1f3,Bf3d2,Bd2b3,Bb3c5][%mdl 32]} R4d6 22. b4 Qb6 23. a4 {[%cal Ba2a4,Ba4a5][%mdl 32]} Nc7 {[%cal Be8c7,Bc7e6,Be6d4][%mdl 32]} 24. Ng1 Ne6 25. Nf3 Bg7 26. a5 Qb7 27. h5 Nd4 28. hxg6 hxg6 29. Nd2 Nb5 30. Nb3 Bh6 31. Nc5 $36 {[%mdl 2048] Weiss drückt.} Qc8 32. Bc4 (32. a6 $14 {behält die Oberhand.}) 32... Bd2 (32... Na3 $17 33. Ba6 Qc7) 33. Rxd2 $1 $11 ({Natürlich nicht} 33. Qh1 Kg7 $17) 33... Rxd2 34. Bd3 {[#]} R8xd3 $1 {[%mdl 512]} 35. cxd3 Ra2 36. Qe3 Qd8 $2 {[%mdl 8192] [#]} (36... Qg4 $1 $11 {und Schwarz muss sich keine Sorgen machen.} 37. Nb3 Qe2 38. Qxe2 Rxe2) 37. Nb3 $2 ({Weiss kommt nicht vorbei an} 37. Rf1 $1 $18) 37... Qd6 38. Rh1 Qf6 {[#]} (38... Rb2 $11 {hält das Gleichgewicht.} 39. Nd2 Qf6) 39. Nd2 (39. Nc5 $1 $16 {[%cal Rc5d7] Und weiter mit Sd7 wäre nett.} Nd4 40. Nd7) 39... Nd4 40. Qh6 Qg7 {Und ...Dxh6 würde nun gewinnen.} 41. Qe3 Qf6 42. Qh6 Qg7 {Droht stark ...Dxh6.} 43. Qe3 (43. Qh3 $5 {[%cal Rh3c8]} e6 44. Nc4 $11) 43... Qf6 {Precision: Weiß = 42%, Schwarz = 35%.} 1/2-1/2

[Event "Dvorkovich Memorial Rapid 2018"]
[Site "Taganrog"]
[Date "2018.01.13"]
[Round "4.9"]
[White "Pogonina, Natalija"]
[Black "Kabanov, Nikolai"]
[Result "1/2-1/2"]
[WhiteElo "2478"]
[BlackElo "2478"]
[Annotator "TA"]
[PlyCount "84"]
[EventDate "2018.??.??"]
[EventType "swiss"]
[EventCountry "RUS"]
[SourceTitle "playchess.com"]
[Source "ChessBase"]
[SourceQuality "1"]

{[%evp 9,84,29,16,19,56,6,33,7,90,80,72,78,131,9,73,24,20,14,14,20,27,0,25,31,28,26,39,22,27,22,16,0,9,0,0,0,0,0,0,0,41,30,50,53,65,0,73,0,62,35,20,0,36,0,40,0,29,0,0,0,0,0,0,0,0,-714,-631,-931,0,0,0,0,0,0,0,0,0]} 1. d4 Nf6 2. Nf3 g6 3. Nbd2 Bg7 4. e4 d5 (4... d6 5. Bd3 O-O 6. O-O Nc6 7. h3 e5 8. c3 Nd7 9. Nb3 a5 10. Be3 a4 11. Nbd2 a3 12. b3 exd4 13. Nxd4 Nc5 14. Bc2 Re8 15. Rc1 Bd7 16. Re1 {0-1 (43) Aronian,L (2793)-Vachier Lagrave,M (2796) Leuven 2017}) 5. e5 Ne4 6. Bd3 {A48: 1 d4 Nf6 2 Nf3 g6: Torre, London and Colle Systems} c5 7. c3 Bf5 $146 ({Predecessor:} 7... Nxd2 8. Bxd2 Nc6 9. O-O O-O 10. h3 cxd4 11. cxd4 Qb6 12. Bc3 {0-1 (80) Liberadzki,S (1961)-Bielecki,P (1986) Warsaw 2009}) 8. Qe2 {[%cal Rd2e4] White is slightly better.} Nc6 (8... Nxd2 $1 $11 9. Bxd2 Bxd3 10. Qxd3 Nc6) 9. Nxe4 $16 dxe4 10. Bxe4 cxd4 (10... Bxe4 $142 11. Qxe4 cxd4) 11. cxd4 (11. Bxc6+ $1 $16 bxc6 12. Nxd4) 11... O-O (11... Nxd4 $11 12. Nxd4 Qxd4 13. Bxf5 gxf5) 12. O-O {And now d5 would win.} Nxd4 13. Nxd4 Qxd4 14. Bxf5 gxf5 15. e6 b6 16. exf7+ Rxf7 17. Rd1 Qf6 18. Rb1 e5 19. Bd2 Qe6 20. Bc3 Re8 21. a3 e4 22. Bxg7 Rxg7 23. f3 e3 24. Rd4 h6 25. Rbd1 Kh7 26. g3 Rc7 27. Rd6 ({White should play} 27. Qd3 $14) 27... Qf7 (27... Qc4 $11 {keeps the balance.} 28. Rd7+ Kh8 29. Qxc4 Rxc4) 28. R6d4 ({Better is} 28. Qd3 $16) 28... Ree7 (28... Qe6 $11) 29. f4 Rc6 30. Rd5 Rce6 (30... Rc1 $5) 31. R1d3 Re4 32. Rd1 Qg6 33. Kh1 h5 34. Rd7 Rxd7 35. Rxd7+ $11 {[%mdl 4096] Endgame KQR-KQR} Kh6 36. Kg1 ({Avoid the trap} 36. Rxa7 $2 Qg4 $19) 36... h4 37. Qe1 $2 {[%mdl 8192]} (37. Rd3 $11) 37... e2 $19 38. Rd2 {[#]} Qh5 $2 (38... Qg4 $1 $19 39. Rd8 Qf3) 39. Kf2 $1 $11 {The position is equal.} hxg3+ 40. hxg3 Qh2+ 41. Kf3 Qh5+ 42. Kf2 Qh2+ {Precision: White = 34%, Black = 24%.} 1/2-1/2

[Event "Dvorkovich Memorial Rapid 2018"]
[Site "Taganrog"]
[Date "2018.01.13"]
[Round "4.10"]
[White "Zakaryan, David"]
[Black "Khanin, Semen"]
[Result "1/2-1/2"]
[WhiteElo "2420"]
[BlackElo "2458"]
[Annotator "TA"]
[PlyCount "106"]
[EventDate "2018.??.??"]
[EventType "swiss"]
[EventCountry "RUS"]
[SourceTitle "playchess.com"]
[Source "ChessBase"]
[SourceQuality "1"]

{[%evp 10,106,-10,-5,7,1,0,-4,30,19,21,19,50,18,73,69,137,135,128,101,101,100,106,85,87,73,105,102,106,107,122,22,20,8,38,31,42,35,53,32,33,8,6,8,10,1,2,2,2,2,20,20,20,20,20,20,24,23,23,0,15,0,16,0,19,4,16,7,7,8,8,8,8,0,0,0,0,0,0,0,0,0,0,0,0,0,0,0,0,0,0,0,0,0,0,0,0,0,0]} 1. d4 Nf6 2. Nc3 d5 3. Nf3 e6 4. Bg5 Be7 5. Bxf6 Bxf6 6. e4 {LiveBook: 71 Games} c6 {C14: French: Classical System: 4 Bg5 Be7 main line} 7. Bd3 (7. Qd2 Nd7 8. O-O-O Qa5 9. Kb1 b6 10. Qf4 Ba6 11. Bxa6 Qxa6 12. exd5 cxd5 13. Nxd5 exd5 {1-0 (20) Muzychuk,A (2560)-Gunina,V (2508) Khanty-Mansiysk 2014}) 7... O-O 8. O-O Nd7 9. e5 Be7 10. Ne2 $146 {[%cal Bc3e2,Be2f4,Bf4d3,Bd3b4][%mdl 32]} ({Predecessor:} 10. a3 c5 11. Re1 cxd4 12. Nxd4 Qb6 13. Nb3 Bc5 14. Nxc5 Qxc5 {½-½ (43) Becker,M-Andok,C Bergneustadt 1999}) 10... f5 11. exf6 Bxf6 (11... Rxf6 $11 12. Qd2 Bd6) 12. Nf4 $36 {[%mdl 2048] White is more active.} Re8 {[#]} ({Black should play} 12... Qe8 $14) 13. Re1 $1 Nf8 14. c4 b6 15. Rc1 Ba6 16. cxd5 Bxd3 17. Nxd3 Qxd5 18. Nb4 Qb5 19. Nxc6 Qxb2 20. Qb3 (20. Nd2 $16) 20... Qxb3 $11 21. axb3 Ng6 22. g3 a5 23. h4 {[%cal Bh2h4,Bh4h5][%mdl 32]} Rac8 24. h5 Nf8 25. Na7 Rxc1 26. Rxc1 Rd8 27. Rc6 Bxd4 28. Nxd4 Rxd4 29. Rxb6 {[%mdl 4096] Endgame KRN-KRN} a4 30. bxa4 Rxa4 31. Nc6 Nd7 32. Rb7 Nf6 33. Rb8+ Kf7 34. Rb7+ Kf8 {The position is equal.} 35. Rb8+ Kf7 36. Rb7+ Kf8 37. Rb5 Ra6 38. Rb8+ Kf7 39. Ne5+ Ke7 40. Rb7+ Kd6 41. Nc4+ Kc5 42. Ne3 Nxh5 43. g4 Ra1+ 44. Kh2 Nf6 45. Rxg7 Ra2 46. Kg2 Ne4 47. Rf7 Kd4 48. Rd7+ Ke5 49. Rf7 h6 50. Rf8 Kd4 51. Rd8+ Ke5 52. Rf8 Kd4 53. Rd8+ Ke5 {Precision: White = 58%, Black = 65%.} 1/2-1/2

[Event "Dvorkovich Memorial Rapid 2018"]
[Site "Taganrog"]
[Date "2018.01.13"]
[Round "4.11"]
[White "Evdokimov, Alexander A"]
[Black "Tunik, Gennady"]
[Result "0-1"]
[WhiteElo "2502"]
[BlackElo "2378"]
[Annotator "TA"]
[PlyCount "126"]
[EventDate "2018.??.??"]
[EventType "swiss"]
[EventCountry "RUS"]
[SourceTitle "playchess.com"]
[Source "ChessBase"]
[SourceQuality "1"]

{[%evp 19,126,0,17,-29,-14,-43,-13,-41,-31,-39,-4,-4,0,0,4,4,7,7,19,25,23,24,27,12,31,18,33,0,49,44,69,-2,-2,0,11,10,14,3,15,11,23,25,40,37,47,42,43,46,44,20,20,23,34,15,20,23,23,15,15,15,193,193,187,179,157,155,172,144,145,147,126,115,106,63,54,9,16,16,6,8,23,-303,-302,-295,-259,-533,-523,-511,-431,-505,-494,-5407,-5407,-5400,-5400,-5400,-5400,-4974,-4678,-5400,-5382,-5393,-5393,-5150,-5087,-4936,-4618,-4922,-1637]} 1. d4 Nf6 2. c4 e6 3. g3 d5 4. Nf3 Be7 5. Bg2 O-O 6. O-O dxc4 7. Qc2 a6 8. Qxc4 b5 9. Qc2 Bb7 10. Bd2 Be4 {LiveBook: 1199 Games} 11. Qd1 {E05: Open Catalan: 5 Nf3 Be7} (11. Qc1) 11... c5 12. Nc3 $146 ({Find the theoretical novelty and annotate with similar games:} 12. dxc5 Bxc5 13. Bf4 Qe7 14. Nbd2 Bb7 15. a4 Nd5 16. Ne4 Nxf4 17. Nxc5 Qxc5 18. gxf4 Nc6 {½-½ (31) Hauser,J (2417)-Peczkowski,M (2299) ICCF email 2014}) 12... Bb7 13. Bg5 {The position is equal.} cxd4 14. Qxd4 Qxd4 15. Nxd4 Bxg2 16. Kxg2 Rc8 17. Rac1 Nbd7 18. Ne4 Nxe4 19. Bxe7 Nb6 20. Bb4 Nd5 21. Ba5 h5 22. Rfe1 Kh7 23. Kg1 e5 24. Nc6 f6 25. Nb4 (25. Kf1 $14) 25... Nxb4 $11 26. Bxb4 Kg6 27. f3 Ng5 28. Kf2 Ne6 29. Red1 Nd4 30. Bc5 Ne6 31. Be3 Rxc1 32. Rxc1 $14 {[%mdl 4096] Endgame KRB-KRN} Kf7 33. Rc6 g5 34. h3 f5 35. Bd2 f4 $1 36. Bc3 fxg3+ 37. Kxg3 Nf4 $1 38. Bxe5 Nxe2+ 39. Kf2 Re8 $2 {[#]} (39... Nf4 $11 40. Bxf4 gxf4) 40. Rf6+ $18 (40. Kxe2 Rxe5+ 41. Kd3 Rf5 $11) 40... Kg8 41. Rf5 ({Worse is} 41. Kxe2 Rxe5+ 42. Kd3 a5 $11) 41... Nc1 42. Rxg5+ Kf7 {[#] And now ...Rxe5! would win.} 43. Kg3 Nxa2 44. f4 Nb4 45. Rxh5 Nd3 46. Bd4 Re4 47. Rh7+ Ke6 48. Rh6+ Kd5 49. Bg7 Nxf4 50. Rxa6 $2 {[%mdl 8192]} (50. Kf3 $11 Rc4 51. b3 (51. Rxa6 Nxh3 52. Rg6 Nf4 $11)) 50... Nh5+ $19 51. Kf3 Nxg7 {KRN-KR} 52. Ra7 $2 (52. Rd6+ Ke5 53. Rg6 Rf4+ 54. Ke2) 52... Ne6 {Black is clearly winning.} 53. Rd7+ Ke5 54. Rd2 Ng5+ 55. Kg3 (55. Kg2 $142) 55... Re3+ 56. Kg4 Nxh3 57. Rc2 Rb3 58. Re2+ Kd5 59. Rc2 Ng1 60. Rd2+ Ke4 61. Rc2 Nf3 62. Re2+ Kd5 63. Re8 Ne5+ {Precision: White = 40%, Black = 60%.} 0-1

[Event "Dvorkovich Memorial Rapid 2018"]
[Site "Taganrog"]
[Date "2018.01.13"]
[Round "4.12"]
[White "Savchenko, Boris"]
[Black "Zakharov, Alexander S"]
[Result "1-0"]
[WhiteElo "2566"]
[BlackElo "2437"]
[Annotator "TA"]
[PlyCount "78"]
[EventDate "2018.??.??"]
[EventType "swiss"]
[EventCountry "RUS"]
[SourceTitle "playchess.com"]
[Source "ChessBase"]
[SourceQuality "1"]

{[%evp 29,78,0,0,0,0,0,91,89,91,89,94,86,86,86,95,93,229,227,230,217,227,206,252,245,254,242,253,263,285,278,272,239,341,354,369,343,439,443,404,391,549,502,742,547,534,458,468,380,810,785,915]} 1. e4 c5 2. Nc3 Nc6 3. Nge2 g6 4. d4 cxd4 5. Nxd4 Bg7 6. Be3 d6 7. f3 Nf6 8. Qd2 O-O 9. O-O-O d5 10. exd5 Nxd5 11. Nxc6 bxc6 12. Nxd5 cxd5 13. Qxd5 Qc7 14. Qc5 Qb7 15. b3 Bf5 $1 {LiveBook: 52 Games. B76: Sicilian Dragon: Yugoslav Attack, 9 g4 and 9 0-0-0} 16. Qb5 (16. Bd3 Rac8 17. Qa5 Rc3 18. Bxf5 Rxe3 19. Be4 Qc8 20. g4 Qb8 21. Kb1 Qf4 22. Rd8 Bc3 23. Rxf8+ Kxf8 24. Qxa7 Re2 25. a3 Qxh2 26. Rd1 {½-½ (26) Kribben,M (2652)-Lecroq,M (2609) ICCF email 2011}) 16... Qc7 {[%csl Gf5][%cal Rc7c2] [#]} 17. Bc4 Rab8 $146 (17... Rac8 $11 {remains equal.}) ({Predecessor:} 17... Rfc8 18. Rd5 Be6 19. Rc5 Qd6 20. Rd1 Bxc4 21. Qxc4 Rxc5 22. Qxc5 Bb2+ 23. Kxb2 Qxd1 24. Qxe7 {1-0 (48) Schulz,V (2281)-Bauer,M (2161) GER email 2011}) 18. Qc5 $16 Qxc5 19. Bxc5 Bh6+ 20. Kb1 Rfc8 21. Bxa7 Rb7 {[#] aiming for ...Rxc4.} 22. g4 {[%cal Bg2g4,Bg4f5][%mdl 32]} Rxc4 (22... Bxc2+ $16 23. Kxc2 Rxa7) 23. gxf5 $18 Bf4 24. Rd8+ Kg7 25. Rd4 Rc6 {intending ...Be3.} 26. Rxf4 Rxa7 27. fxg6 hxg6 {[%mdl 4096] Endgame KRR-KRR} 28. Re1 f5 29. a4 {[%cal Ba2a4,Ba4a5,Ba5a6,Ba6a7][%mdl 32]} Kf6 30. Rb4 Rac7 (30... Rc3 {was necessary.} 31. f4 Rh3) 31. c4 e5 32. a5 Rc5 33. Rb6+ Kg5 34. a6 Kf4 (34... Rh7 $142 35. Re2 Ra7) 35. Rb7 R7c6 36. b4 {Hoping for a7.} Rxc4 37. a7 Ra6 38. Kb2 Rc8 $2 (38... Rd4 39. Rc1 Kxf3 40. Rc3+ Ke4) 39. Rb8 Rh8 {Precision: White = 100%, Black = 27%.} 1-0

[Event "Dvorkovich Memorial Rapid 2018"]
[Site "Taganrog"]
[Date "2018.01.13"]
[Round "4.13"]
[White "Maltsevskaya, Aleksandra"]
[Black "Volkov, Sergey"]
[Result "1/2-1/2"]
[WhiteElo "2274"]
[BlackElo "2627"]
[Annotator "TA"]
[PlyCount "53"]
[EventDate "2018.??.??"]
[EventType "swiss"]
[EventCountry "RUS"]
[SourceTitle "playchess.com"]
[Source "ChessBase"]
[SourceQuality "1"]

{[%evp 16,53,17,7,18,13,58,24,48,12,19,14,27,27,28,21,20,0,11,15,23,0,23,22,28,14,17,17,20,-12,43,42,45,0,0,5,0,-43,0,-16]} 1. Nf3 d5 2. g3 Nf6 3. Bg2 c6 4. d3 Bf5 5. O-O e6 6. Nbd2 h6 7. b3 Bc5 8. Bb2 O-O 9. Ne5 {LiveBook: 4 Partien. A07: Barcza-System (Königsfianchetto mit möglichen Übergängen in andere Systeme)} (9. a3 Nbd7 10. b4 Bb6 11. Nb3 Re8 12. c4 e5 13. a4 a6 14. Nh4 Bh7 15. Bh3 Nf8 16. Nf3 dxc4 17. dxc4 Qxd1 18. Rfxd1 {½-½ (30) Anurag,M (2466)-Andres Gonzalez,A (2518) San Sebastian 2017}) 9... a5 10. e4 dxe4 11. dxe4 $146 {Weiß steht etwas besser.} ({Vorgänger:} 11. Nxe4 Be7 12. a4 Na6 13. Qe2 {0-1 (27) Falta,J-Vokoun,J Brno 1973}) 11... Bh7 $1 12. Ng4 Nxg4 13. Qxg4 {[%csl Gb2][%cal Rg4g7] [#]} Bd4 14. Bxd4 Qxd4 15. Nc4 b5 16. Rad1 Qc5 17. Ne3 Ra7 18. Qf4 Nd7 19. Qd6 Rc8 20. Rd2 Qxd6 21. Rxd6 Kf8 22. f4 Ke7 ({Günstiger ist} 22... Nf6 $11) 23. e5 $14 Rac7 24. a4 bxa4 25. bxa4 Nb6 26. Rb1 Nxa4 (26... Nd5 $5 {[%cal Rd5e3]} 27. Nc4 Bxc2 $15) 27. Ra1 {Precision: Weiß = 22%, Schwarz = 48%.} 1/2-1/2

[Event "Dvorkovich Memorial Rapid 2018"]
[Site "Taganrog"]
[Date "2018.01.13"]
[Round "4.14"]
[White "Tomilova, Elena"]
[Black "Iljiushenok, Ilia"]
[Result "0-1"]
[WhiteElo "2331"]
[BlackElo "2512"]
[Annotator "TA"]
[PlyCount "72"]
[EventDate "2018.??.??"]
[EventType "swiss"]
[EventCountry "RUS"]
[SourceTitle "playchess.com"]
[Source "ChessBase"]
[SourceQuality "1"]

{[%evp 14,72,29,-6,0,-15,-8,-30,-32,-31,-42,-38,-26,-66,-74,-71,-71,-71,-66,-89,-62,-82,-74,-95,-83,-130,-104,-98,-66,-307,-331,-294,-300,-386,-410,-485,-459,-500,-466,-822,-852,-851,-842,-816,-803,-673,-502,-1299,-1135,-1369,-1018,-1053,-976,-1274,-898,-29987,-2024,-1833,-1820,-29991,-29992]} 1. c4 Nf6 2. g3 g6 3. Bg2 Bg7 4. Nc3 O-O 5. e3 d6 6. Nge2 e5 7. O-O c6 8. b3 Re8 {A24: English Opening vs King's Indian: Lines without ...Nc6} 9. Bb2 (9. Ba3 a5 10. d3 Na6 11. Qd2 Nc5 12. Rad1 Qc7 13. e4 Ne6 14. h3 Rb8 15. Bb2 b5 16. cxb5 cxb5 {0-1 (36) Eliet,N (2402)-Relange,E (2466) Saint-Quentin 2014}) 9... d5 10. cxd5 cxd5 {Black has an edge.} 11. d4 {dxe5 is the strong threat.} e4 $1 12. Rc1 Nc6 13. a3 $146 h5 14. h3 Bf5 15. Nf4 Qd7 16. Kh2 Rac8 17. b4 Bh6 18. Qb3 {[%cal Rf4d5]} Red8 19. Rc2 g5 20. Nfe2 h4 21. Nd1 $2 (21. g4 $1 $15 Qd6+ 22. Kg1 Bxg4 23. hxg4) 21... g4 $19 22. hxg4 Bxg4 23. Nf4 Ne7 {[%cal Bc6e7,Be7f5,Bf5g3][%mdl 32]} 24. Nc3 Bxf4 25. exf4 Nf5 26. Ne2 {[#]} (26. gxh4 $142 Nxh4 27. Nxd5 Nxd5 28. Rxc8 Rxc8 29. Bxe4 Nxf4 30. Qg3) 26... h3 $1 {[%mdl 512]} 27. Bh1 (27. Bxh3 Bxh3) 27... Bxe2 28. Rxe2 Ng4+ 29. Kg1 {[#]} e3 $1 {[%mdl 512]} 30. fxe3 (30. Bf3 $142 exf2+ 31. Rexf2 Nxg3 32. Bd1 Nxf1 33. Rxf1) 30... Nxg3 {[%cal Rg3e2]} 31. Bf3 Rc6 32. Qd3 Rg6 33. f5 Nxe2+ 34. Bxe2 Ne5+ (34... Qc7 $142 35. Rf4 h2+ 36. Kh1 {[#]} Nf2+ $1 {[%mdl 512]} 37. Kxh2 Nxd3 38. Bxd3 Rg4 39. Kh3 Rxf4 40. exf4 Qxf4 41. f6 Qf3+ 42. Kh4 Re8 43. Bc1 Re1 44. Bh7+ Kxh7 45. Bf4 Qxf4+ 46. Kh3 Re2 47. b5 Rh2#) 35. fxg6 Nxd3 36. Rxf7 Qd6 {Precision: White = 27%, Black = 78%.} 0-1

[Event "Dvorkovich Memorial Rapid 2018"]
[Site "Taganrog"]
[Date "2018.01.13"]
[Round "4.15"]
[White "Hasangatin, Ramil"]
[Black "Shaydullina, Sandugach"]
[Result "1-0"]
[WhiteElo "2502"]
[BlackElo "2211"]
[Annotator "TA"]
[PlyCount "87"]
[EventDate "2018.??.??"]
[EventType "swiss"]
[EventCountry "RUS"]
[SourceTitle "playchess.com"]
[Source "ChessBase"]
[SourceQuality "1"]

{[%evp 15,87,10,60,4,89,78,115,112,130,127,194,153,222,223,251,233,241,225,253,230,353,211,249,258,257,250,246,247,258,243,269,277,302,303,301,293,364,369,373,344,434,441,518,463,792,793,792,774,873,841,941,864,882,881,880,879,875,839,791,766,749,536,632,374,2358,2152,5502,858,2869,2300,29986,29987,29990,29991]} 1. d4 f5 2. Nc3 Nf6 3. Bg5 d5 4. Bxf6 exf6 5. e3 c6 6. Bd3 Be6 7. Qf3 g6 8. Nge2 {A80: Holländische Verteidigung} Bd6 {LiveBook: 28 Partien} (8... Nd7 9. O-O-O Qc7 10. h3 O-O-O 11. g4 fxg4 12. hxg4 Be7 13. Nf4 Bf7 14. Rh6 Nf8 15. Rdh1 Kb8 16. Nce2 Bd6 {½-½ (34) Grischuk,A (2785)-Svidler,P (2746) Riga 2013}) 9. O-O-O ({Günstiger ist} 9. h3 $14) 9... b5 $146 (9... h5 $11 {bleibt in der Remisbreite.}) ({Vorgänger:} 9... Nd7 10. h3 Qe7 11. g4 fxg4 12. hxg4 O-O-O 13. Nf4 Nf8 14. Kb1 Rg8 15. Rhe1 Bf7 {1-0 (63) Gerzhoy,L (2546)-Barron,M (2377) Ottawa 2009}) 10. Nf4 $16 {Weiß steht besser.} Bf7 {[#]} 11. h3 $1 Na6 12. g4 b4 (12... Nb4 $16 {kämpft weiter.}) 13. Nce2 (13. Bxa6 $6 bxc3 14. bxc3 Qe7 $14) 13... Qa5 (13... Nc7 $16 14. Kb1 a5) 14. Kb1 $18 ({Jedoch nicht} 14. gxf5 $6 g5) 14... fxg4 15. hxg4 {[#] Und Sxg6! würde nun gewinnen.} ({Nicht} 15. Qxg4 Nc7 $14) 15... O-O-O 16. Rh3 Nc7 17. Qh1 h5 (17... g5 $142) 18. gxh5 (18. Bxg6 $142 Bxg6 19. Nxg6) 18... g5 19. Ng6 Rh6 20. Qf3 Ne8 21. Ng3 Bxg3 22. fxg3 Kb7 23. g4 Qc7 24. Rhh1 a5 25. Rc1 a4 26. c3 b3 27. a3 Be6 28. c4 Qd7 29. Rhg1 Qf7 (29... Nc7 $142 30. Qxf6 Bf7 31. Qxg5 Bxg6) 30. cxd5 cxd5 31. Rc5 Nd6 32. Rgc1 Rc8 33. Qe2 Nc4 34. Rxc8 Bxc8 35. e4 {[%cal Be3e4,Be4f5][%mdl 32]} Qe6 36. Bxc4 dxc4 37. d5 {[%cal Bd4d5,Bd5d6,Bd6d7][%mdl 32]} Qa6 38. Ne7 Bd7 39. Nf5 Bxf5 $2 (39... Rh8 40. Qxc4 (40. Rxc4 Ka8 $11) 40... Qxc4 41. Rxc4 Kb6) 40. exf5 Rh7 41. Qe6 (41. Rxc4 $142 Qa7 42. Qe4 Qg1+ 43. Rc1) 41... Rc7 42. d6 Rc6 43. Qe7+ Kb6 44. d7 {Precision: Weiß = 74%, Schwarz = 22%.} 1-0

[Event "Dvorkovich Memorial Rapid 2018"]
[Site "Taganrog"]
[Date "2018.01.13"]
[Round "4.16"]
[White "Sipetin, Vladislav"]
[Black "Triapishko, Alexandr"]
[Result "0-1"]
[WhiteElo "2263"]
[BlackElo "2531"]
[Annotator "TA"]
[PlyCount "69"]
[EventDate "2018.??.??"]
[EventType "swiss"]
[EventCountry "RUS"]
[SourceTitle "playchess.com"]
[Source "ChessBase"]
[SourceQuality "1"]

{[%evp 16,69,0,0,45,36,44,46,49,42,51,30,71,-37,41,43,22,-62,-54,-53,-45,-52,-45,-60,-10,-17,-19,-17,0,0,0,-68,-76,-67,-56,-65,-54,-119,-8,-152,-133,-141,-75,-74,-81,-156,-162,-1150,-1070,-29977,-29980,-29980,-29980,-29980,-29981,-29985]} 1. e4 e5 2. Nf3 Nc6 3. d4 exd4 4. Nxd4 Bc5 5. Nb3 Bb6 6. Nc3 Nf6 7. Qe2 {C45: Scotch Game} (7. Bg5 h6 8. Bh4 d6 9. f3 g5 10. Bg3 Qe7 11. Qd2 Bd7 12. h4 Rg8 13. O-O-O O-O-O 14. hxg5 hxg5 15. Rh6 Be6 16. Bb5 Bxb3 17. axb3 {1-0 (41) Navara,D (2726)-Malakhov,V (2691) Antalya 2017}) 7... O-O 8. Be3 Re8 9. f3 $1 {LiveBook: 9 Games. The position is equal.} Bxe3 10. Qxe3 a5 11. O-O-O $146 ({Predecessor:} 11. a3 a4 12. Nd4 d5 13. O-O-O Qe7 14. Bb5 Nxd4 15. Bxe8 {1-0 (36) Stenner,P (2200)-Junge,R (2271) Germany 2014}) 11... a4 12. Nd4 a3 13. b3 Nb4 14. Qd2 (14. Ndb5 $16) 14... c6 (14... d5 $1 $15) 15. Kb1 (15. Ncb5 $5) 15... d5 {[%cal Rd5e4]} 16. exd5 (16. Na4 $11 Qa5 17. c3) 16... Nbxd5 17. Nxd5 Nxd5 18. Bd3 g6 {Threatens to win with ...Ne3.} 19. Rhe1 Bd7 20. Rxe8+ Qxe8 21. c4 Qe5 22. cxd5 Qxd4 23. Be4 ({Better is} 23. dxc6 $11 Bxc6 24. Bc4) 23... Qe5 $15 24. dxc6 Bxc6 25. Bxc6 bxc6 $17 {[%mdl 4096] Endgame KQR-KQR} 26. g3 (26. h3 $15) 26... h5 ({Black should play} 26... Qf5+ $17 27. Qd3 Qf6) 27. Rc1 {[#]} (27. f4 $11 Qf6 28. Qf2) 27... Re8 $1 28. f4 {[#]} Qf5+ (28... Qe4+ $142 $1 29. Qc2 Qd4) 29. Qc2 {White wants to play Qxf5.} Re4 30. Qd3 (30. Qc5 $142) 30... h4 {[%cal Bh5h4,Bh4h3][%mdl 32]} 31. Qc2 $2 (31. Rd1) 31... h3 $19 32. Qd3 Re2 {Black mates.} 33. Qxf5 Rb2+ 34. Ka1 gxf5 35. Re1 {Precision: White = 34%, Black = 55%.} 0-1

[Event "Dvorkovich Memorial Rapid 2018"]
[Site "Taganrog"]
[Date "2018.01.13"]
[Round "4.17"]
[White "Matjushin, Gennady"]
[Black "Kamenets, Anatolij"]
[Result "1-0"]
[WhiteElo "2417"]
[BlackElo "2294"]
[Annotator "TA"]
[PlyCount "45"]
[EventDate "2018.??.??"]
[EventType "swiss"]
[EventCountry "RUS"]
[SourceTitle "playchess.com"]
[Source "ChessBase"]
[SourceQuality "1"]

{[%evp 11,45,60,54,50,47,19,29,-5,101,85,113,50,64,50,57,38,50,56,68,68,68,70,75,61,73,0,58,0,7,-16,77,74,171,189,933,928]} 1. e4 c6 2. d4 d5 3. e5 g6 4. Bd3 Na6 5. c3 Nc7 6. Nf3 {B12: Caro-Kann: Advance Variation} Bg7 {LiveBook: 4 Games} 7. Na3 $146 ({Predecessor:} 7. Nbd2 Bf5 8. Be2 h5 9. Nf1 Bh6 10. Ne3 e6 11. Nxf5 exf5 12. Bxh6 Rxh6 13. Qb3 {0-1 (44) Mandiza,F (2365)-Gonzalez,R (2483) ICC INT 2014}) 7... Nh6 8. h4 {White is slightly better.} Bg4 9. h5 gxh5 (9... Qd7 $11) 10. Nc2 f6 11. Ne3 ({Better is} 11. exf6 $16 exf6 12. Ne3) 11... Nf7 $1 $14 12. exf6 Bxf6 13. Nxg4 hxg4 14. Nh4 e5 15. Qxg4 e4 16. Be2 Qd7 17. Qh5 Rg8 18. Bf4 ({White should play} 18. Nf5 $16) 18... Ne6 (18... O-O-O $11) 19. Be3 (19. Bg4 $14) 19... O-O-O 20. O-O-O Ng7 (20... Bg5 $11 21. Rdf1 Nf4) 21. Qxh7 $16 Rh8 (21... Ne6 $16 {was worth a try.}) 22. Qg6 $18 {[#] Black must now prevent Bg4.} Bxh4 $2 (22... Qe7) 23. Bg4 {Precision: White = 50%, Black = 31%.} 1-0